| 000 | 012650000a22002170004500 | ||
|---|---|---|---|
| 020 | _a978-958-8487-07-6 | ||
| 082 | 0 | 4 | _aG 268.986 B5622e |
| 100 | 1 | _aBetancur Jiménez, Alvaro Eduardo. | |
| 245 | 1 | 0 | _aEducación religiosa en contexto / Alvaro Eduardo Betancur Jiménez , Wilmar de Jesús Acevedo Gómez , Ángela Patricia Cadavid Vélez |
| 260 | _aPereira, Col. : Universidad Católica Popular de Risaralda | ||
| 300 | _a124 p. | ||
| 440 | 0 | _aCol. Maestros ; no. 8 | |
| 500 | _aTexto para formación de maestros que enseñan la fe Católica. | ||
| 505 | 0 | 0 | _a\I PARTE: Contexto de la educación religiosa. \II PARTE: Educación religiosa: compromiso con la formación. \III PARTE: Legislación y educación religiosa: construyendo consensos. \IV PARTE: Propósito de formación de la licenciatura en educación religiosa.\ V PARTE: LER: un currículo en el que dialoga la fe con la cultura. |
| 650 | 1 | 4 | _aEDUCACION RELIGIOSA \ ENSEÑANZA \ LEGISLACION Y EDUCACION RELIGIOSA \ EDUCACION RELIGIOSA ESCOLAR \ FORMACION DE MAESTROS \ IGLESIA CATOLICA - AMERICA LATINA - COLOMBIA \ Abolición de la esclavitud |
| 001 | 17647 | ||
| 942 | _cBK | ||
| 999 |
_c44297 _d44297 |
||
| 336 |
_atexto _btxt _2rdacontent |
||
| 337 |
_2rdamedia _asin mediación _bn |
||
| 338 |
_2rdacarrier _avolumen _bnc |
||